Countries with the highest murder rates (per 100,000 citizens) - Statistics

General Stats
  • This quiz has been taken 392 times
  • The average score is 6 of 15
Answer Stats
Hint Answer % Correct
30.8 Colombia
80%
53.7 Venezuela
80%
90.4 Honduras
79%
41.2 El Salvador
72%
39.9 Guatemala
69%
31.0 South Africa
61%
44.7 Belize
59%
39.3 Jamaica
51%
38.0 Lesotho
25%
29.8 Bahamas
23%
33.8 Swaziland
19%
28.3 Trinidad and Tobago
7%
28.3 Democratic Republic of Congo
2%
52.9 U.S. Virgin Islands
2%
33.6 St. Kits and Nevis
1%
No matching quizzes found
Score Distribution
Percent of People with Each Score
Percentile by Number Answered
Your Score History
You have not taken this quiz